000 00594nam a22001697a 4500
005 20230918113506.0
010 _aENG-138071
020 _a9789354499036
_c450.00
035 _aEN-121603
037 _bDBAD/PUB
082 _a530
245 _aNEET Crash Course 2022 Physics :
_bA complete Guide for NEET Aspirants /
260 _aUttar Pradesh
_bPearson India Education Services Pvt. Ltd.
_c2023
270 _a15th Floor, Tower-B, World Trade Tower, Plot no. 1, Block-C, Sector-16
_bNoida (Uttar Pradesh)
_e201301
300 _av.p
_c26cm(pbk)
942 _2ddc
_cEN
_h530
_mNEE
999 _c198251
_d198251